01847cam a22003134i 4500003000900000005001700009008004100026020001800067035002700085040003300112082002200145100003900167245012900206264003700335300005500372336002100427337002500448338002300473490007500496504003900571505082100610526000901431526000901440526000801449526000801457526000801465541001601473650004401489PE-LiUPU20250731183444.0150513s2013 sp a rb 000 0 spa d a9788415289883 a(Sirsi) i9788415289883 aRIVbspacRIVdPE-LiUPUerda04a720.9421bC252211 aCapitel, Antón,d1947- ,eautor.10aLondres, ciudad disfrazada :bla arquitectura en la formación del carácter de la capital británica /cAntón Capitel. 1aMadrid :bAbada Editores,c2013. a307 páginas :bilustraciones ;c24 centímetros atext2rdacontent aunmediated2rdamedia avolume2rdacarrier0 aLecturas. Ha. del arte y de la arquitectura.aLecturas de arquitectura Bibliografía : páginas 305-307.0 aInigo Jones, el fundador del disfraz clásico de Londres -- Christopher Wren y la consolidación del clasicismo -- Nicholas Hawksmoor, el más cualificado proyectista del ideal clásico londinense -- La continuidad del Londres clásico. Barroco y neo-palladiano -- Las casas georgianas y sus efectos urbanos -- John Nash y John Soane, los últimos arquitectos del idel clásico -- El gótico como "estilo nacional" -- Otros disfraces roánticos -- El clasicismo tardío -- El ideal moderno primitivo, 1. Charles Holden -- El ideal moderno primitivo, 2. Moderados y radicales -- El ideal moderno primitivo, 3. Giles Gilbert Scott -- El ideal moderno tardío, 1. De las obras de McMorran al Royal Festival Hall -- El ideal moderno tardío, 2. Hacia una arquitectura radical -- La ciudad como arquitectura. aP158 aP146 aP17 aP12 aP06 g003-000776;07aArquitecturazLondresvHistoria.2embne